Коли земля стогнала: друга половина ХVI - перша половина XVII ст. (Запис № 17323)

000 -Маркер запису
Контрольне поле сталої довжини 02026nam a22002657a 4500
003 - Належність контрольного номера
Контрольне поле Uzh_bibl
008 - Кодовані дані
Контрольне поле сталої довжини 260415b |||||||| |||| 00| 0 ukr d
020 ## - Індекс ISBN
ISBN 5-319-01072-9
Ціна 1.30
040 ## - Джерело каталогіз.
Код мови каталог. укр.
041 ## - Код мови видання
Код мови оригіналу українська
Код мови тексту українська
080 ## - Індекс УДК
Індекс УДК 94(477)
090 ## - Шифри
Поличний індекс 94(477)
Авторський знак К 60
100 ## - Автор
Автор
245 ## - Назва
Назва Коли земля стогнала: друга половина ХVI - перша половина XVII ст.
Відповідальність упоряд.і передем. В.О.Щербака.
Фізичний носій Текст
260 ## - Вихідні дані
Місце видання Київ
Видавництво Україна
Дата видання 1995
300 ## - Фізичний опис
Обсяг 432 с.
Тип одиниці В опр.
490 ## - Серія
Назва серії Серія"Історія України в прозових творах та документах"
520 ## - Анотація
Анотація Книга відтворює події, що розгорталися на території України у другій половині XVI – першій половині XVII ст. Це був період панування Речі Посполитої, її жорстокої колоніальної політики, насадження католицизму та уніатства, турецько-татарської агресії. Ті буремні годинники постають перед читачем із забутих прозових творів українських письменників, історичних досліджень, спогадів сучасників. Видання доповнене хронологією та картою того часу, примітками.
521 ## - Примітка про цільове призначення
Примітка про цільове призначення Розраховане на вчителів та учнів шкіл, усіх, хто вивчає чи цікавиться історією Української держави
546 ## - Примітка про мову
Примітка про мову укр.
650 ## - Тематичні рубрики
Основна рубрика Літературно-художне видання
653 ## - Ключові слова
Ключові слова Річ Посполита
-- Католицизм
-- Турецько-татарська агресія
655 ## - Термін індексування — жанр/форма
Жанр/форма Історична література
942 ## - ADDED ENTRY ELEMENTS (KOHA)
Джерело класифікації чи схема поличного розташування
Koha item type Книги
Фонди
Статус вилучення Статус втрати/відсутності Джерело класифікації чи схема поличного розташування Статус пошкодження Тип обігу (не для випозичання) Постійне розташування Поточне розташування Розташування у відділі Дата надходження Інвентарний номер Total Checkouts Повний (примірниковий) шифр зберігання Штрих-код Date last seen Дата, для якої чинна ціна заміни Тип одиниці (рівень примірника)
          Публічна бібліотека Публічна бібліотека Абонемент 15/04/2026 49553   94(477) 19303 15/04/2026 15/04/2026 Книги

Працює на АБІС Коха